Rugby - 2017 Lions vs All Blacks -Starting lineups in the test series - Statistics

General Stats
  • This quiz has been taken 810 times
  • The average score is 24 of 38
Answer Stats
Answer % Correct
Beauden Barrett
91%
Jordie Barrett
91%
Sonny Bill Williams
88%
Liam Williams
86%
Aaron Smith
85%
Ben Smith
84%
Owen Farrell
84%
Jonny Sexton
81%
Kieran Read
78%
Sam Whitelock
74%
Alun Wyn Jones
73%
Conor Murray
73%
Maro Itoje
73%
Brodie Retallick
71%
Julian Savea
71%
Jamie George
67%
Sam Cane
67%
Rieko Ioane
66%
Anthony Watson
65%
Tadhg Furlong
63%
Codie Taylor
62%
Jonathan Davies
62%
Mako Vunipola
60%
Jerome Kaino
58%
Owen Franks
58%
Elliott Daly
56%
Sam Warburton
56%
Taulupe Faletau
55%
Israel Dagg
52%
Sean O'Brien
51%
Joe Moody
48%
Ben Te'o
41%
Peter O'Mahony
40%
Ryan Crotty
39%
Anton Lienert-Brown
34%
George Kruis
34%
Ngani Laumape
34%
Waisake Naholo
33%
No matching quizzes found
Score Distribution
Percent of People with Each Score
Percentile by Number Answered
Your Score History
You have not taken this quiz